Largest Cities In Massachusetts - Statistics

General Stats
  • This quiz has been taken 17 times
  • The average score is 13 of 20
Answer Stats
Rank Population City % Correct
1 679,413 Boston
100%
2 185,195 Worcester
100%
5 111,249 Lowell
94%
3 154,596 Springfield
94%
4 115,665 Cambridge
81%
8 94,121 Quincy
81%
7 95,117 New Bedford
75%
6 95,426 Brockton
63%
10 89,339 Fall River
63%
9 93,617 Lynn
63%
11 88,660 Newton
56%
12 80,434 Somerville
56%
19 59,234 Brookline
50%
16 62,979 Waltham
50%
14 71,649 Framingham
44%
15 63,280 Haverhill
44%
13 79,841 Lawrence
44%
17 61,094 Malden
38%
20 57,771 Medford
38%
18 59,331 Plymouth
25%
No matching quizzes found
Score Distribution
Percent of People with Each Score
Percentile by Number Answered
Your Score History
You have not taken this quiz